The big book of words you should know : over 3,000 words every person should be able to use (and a few that you probably shouldn't) (Record no. 254408)
[ view plain ]
| 000 -LEADER | |
|---|---|
| fixed length control field | 00365nam a2200097Ia 4500 |
| 082 ## - DEWEY DECIMAL CLASSIFICATION NUMBER | |
| Classification number | R 423 OLSE |
| 008 - FIXED-LENGTH DATA ELEMENTS--GENERAL INFORMATION | |
| fixed length control field | 210817s9999 xx 000 0 und d |
| 100 ## - MAIN ENTRY--PERSONAL NAME | |
| Personal name | Olsen, David Avon, MA, [c.2009] |
| 9 (RLIN) | 76443 |
| 245 #0 - TITLE STATEMENT | |
| Title | The big book of words you should know : over 3,000 words every person should be able to use (and a few that you probably shouldn't) |
| 942 ## - ADDED ENTRY ELEMENTS | |
| item type | Books |
| Withdrawn status | Lost status | Damaged status | Not for loan | Home library | Current library | Date acquired | Cost, normal purchase price | Total Checkouts | Barcode | Date last seen | Price effective from | item type |
|---|---|---|---|---|---|---|---|---|---|---|---|---|
| Secunda | Secunda | 18.08.2021 | 195.00 | 33228022561441 | 18.08.2021 | 18.08.2021 | Books |